[Event "World Junior U20 Open 2018"]
[Site "Gebze"]
[Date "2018.09.11"]
[Round "7.57"]
[White "Galperin, Platon"]
[Black "Tarlabasi, Emirhan"]
[Result "1-0"]
[WhiteElo "2348"]
[BlackElo "2193"]
[Annotator "TA"]
[PlyCount "153"]
[EventDate "2018.09.05"]
[EventType "swiss"]
[EventCountry "TUR"]
[SourceTitle "playchess.com"]
[Source "ChessBase"]
[SourceQuality "1"]

{[%evp 23,153,11,10,7,20,21,35,22,27,16,50,50,53,43,81,61,72,75,80,72,126,146,169,127,153,152,212,175,173,136,141,117,184,118,115,73,78,78,62,74,65,65,101,1,1,1,8,0,0,0,0,0,0,0,0,0,0,0,0,0,0,0,0,1,15,0,0,0,0,0,0,0,0,0,0,0,0,0,0,0,14,15,88,88,88,88,88,88,88,88,88,88,112,112,160,140,1162,1189,1266,1156,1011,847,781,594,1159,1006,29967,29967,29971,29972,29972,29973,29975,29974,29973,29974,29978,29973,29964,12366,29980,29981,29982,29983,29983,29984,29984,29985,29986,29986,29986,29987]} 1. c4 {Ribli,Z} e6 2. g3 d5 3. Bg2 Nf6 4. d4 Be7 5. Nf3 O-O 6. O-O dxc4 7. Qc2 a6 8. a4 Bd7 9. Qxc4 Bc6 10. Bg5 Bd5 11. Qc2 Be4 12. Qc1 Nc6 13. Nbd2 {[%cal Bb1d2,Bd2b3,Bb3c5][%mdl 32] E05: Open Catalan: 5 Nf3 Be7} Bg6 {[#]} 14. Rd1 $146 ({Predecessor:} 14. Nb3 h6 15. Bxf6 Bxf6 16. Rd1 Nb4 17. Ne1 c6 18. a5 Bh5 19. Qd2 Nd5 20. Nd3 Re8 {1-0 (68) Ivanisevic,I (2530)-Beliavsky,A (2654) Belgrade 2000 CBM 080 [Ribli,Z]}) 14... Nd5 15. Bxe7 {White is slightly better.} Qxe7 16. a5 Rfd8 17. Nb3 Ncb4 {White should prevent ...Bc2.} 18. Rd2 Nf6 19. Qc4 Ne4 20. Rdd1 b5 {[#]} 21. Qc1 $1 Nf6 (21... Qf6 $142) 22. Nc5 $16 {Threatens to win with Ne5.} Nc2 23. Ra2 Nb4 24. Ra3 Nc2 (24... Ne4 $16 {might work better.}) 25. Rb3 Ne4 26. Nxe4 Bxe4 27. Rc3 Bxf3 (27... Nb4 $16 {was called for.}) 28. Rxc2 (28. Bxf3 $18 Nxd4 29. Rxd4 Rxd4 30. e3 (30. Bxa8 Qd8 $14)) 28... Bxg2 29. Rxc7 Qb4 {[#] ...Bd5 is the strong threat.} 30. Kxg2 Qxa5 31. Qf4 Rf8 32. Rdc1 Rad8 33. Ra7 (33. e3 $16) 33... Qb6 $1 $36 {[%cal Rb6a7][%mdl 2048] Black has the initiative.} 34. Rcc7 {Strongly threatening e3.} Qxd4 35. Rxf7 Qxa7 $1 36. Rxa7 {Qc7 would kill now.} Rxf4 37. gxf4 {[%mdl 4096] Endgame KR-KR} Rd2 38. Kf3 Rxb2 39. Rxa6 Kf7 40. Ra7+ Kf6 41. h4 h5 42. Rc7 Rb3+ 43. e3 Rd3 44. Kg2 b4 45. Rb7 b3 46. Rb5 Kg6 47. Rg5+ Kf6 {aiming for ...Rd5.} 48. Rb5 Kg6 49. Kf3 Kf6 50. Ke2 Rc3 51. Rxh5 Rc8 (51... b2 $5 52. Rb5 $8 Rc2+ 53. Kd3 Rxf2 $11) 52. Rb5 Rh8 (52... Rc2+ $11 {remains equal.} 53. Kd3 Rxf2) 53. Rxb3 $16 Rxh4 54. Rb5 Rh1 55. Kf3 Ra1 56. e4 g6 57. Rb8 Ra7 58. Kg4 Re7 59. Rb6 Kf7 $2 {[%mdl 8192]} (59... Rd7 $16 60. e5+ Ke7) 60. Kg5 $18 Kg7 61. Rb8 Ra7 62. Re8 Kf7 63. Rh8 {Intending Rh7+ and mate.} Ra2 64. Rh7+ Kg8 65. Kxg6 Rxf2 66. Re7 {[%cal Re7e8]} Rg2+ 67. Kf6 Rf2 68. Ke5 Kf8 69. Rxe6 Kf7 70. Rf6+ Ke7 71. Ra6 Rb2 72. Ra7+ {White mates.} Kf8 73. Kf5 Rb4 74. e5 {[%cal Be4e5,Be5e6][%mdl 32]} Ke8 75. e6 Rc4 76. Kg5 Re4 77. f5 {Precision: White = 74%, Black = 39%.} 1-0

[Event "World Junior U20 Open 2018"]
[Site "Gebze"]
[Date "2018.09.11"]
[Round "7.58"]
[White "Cirovic, Miroljub"]
[Black "Pigeat, Alexandre"]
[Result "0-1"]
[WhiteElo "2181"]
[BlackElo "2347"]
[Annotator "NA"]
[PlyCount "78"]
[EventDate "2018.09.05"]
[EventType "swiss"]
[EventCountry "TUR"]
[SourceTitle "playchess.com"]
[Source "ChessBase"]
[SourceQuality "1"]
[TimeControl "40/5400+30:1800+30"]

1. d4 {[%emt 0:00:30]} d5 {[%emt 0:00:30]} 2. c4 {[%emt 0:00:00]} c6 {[%emt 0:00:30]} 3. cxd5 {[%emt 0:00:00]} cxd5 {[%emt 0:00:30]} 4. Bf4 {[%emt 0:00:00]} Nc6 {[%emt 0:00:00]} 5. Nc3 {[%emt 0:00:00]} Nf6 {[%emt 0:01:00]} 6. e3 {[%emt 0:00:30]} a6 {[%emt 0:00:30]} 7. Bd3 {[%emt 0:00:30]} Bg4 {[%emt 0:05:30]} 8. Nge2 {[%emt 0:01:30]} e6 {[%emt 0:00:30]} 9. O-O {[%emt 0:00:30]} Bd6 {[%emt 0:01:30]} 10. f3 {[%emt 0:00:00] D10: Slav Defence: 3 cxd5 (without early Nf3) and 3 Nc3} Bh5 {[%emt 0:00:30]} 11. Na4 {[%emt 0:04:00]} O-O {[%emt 0:08:30]} 12. Rc1 {[%emt 0:03:30]} Qe7 {[%emt 0:06:30]} 13. Bxd6 {[%emt 0:05:30]} Qxd6 {[%emt 0:00:30]} 14. Nc5 {[%emt 0:02:30]} Rab8 {[%emt 0:12:30]} 15. Qa4 {[%emt 0:01:30]} Ne7 {[%emt 0:11:30] [#]} 16. b4 $146 {[%emt 0:08:30]} ({Predecessor:} 16. Rc3 Bg6 17. Nf4 e5 18. dxe5 Qxe5 {½-½ (30) Sargissian,G (2666)-Oleksienko,M (2554) Dubai 2013}) 16... Bg6 {[%emt 0:01:30]} 17. Qb3 {[%emt 0:02:30]} e5 {[%emt 0:04:30]} 18. dxe5 {[%emt 0:01:30]} Qxe5 {[%emt 0:00:30]} 19. Bxg6 {[%emt 0:00:00]} Nxg6 {[%emt 0:00:30]} 20. Qc3 {[%emt 0:02:00]} Qg5 {[%emt 0:03:30]} 21. Ng3 {[%emt 0:00:30]} Rfe8 {[%emt 0:39:30]} 22. Ne2 {[%emt 0:10:30]} Rf8 {[%emt 0:00:30]} 23. Ng3 {[%emt 0:00:30]} Rfe8 {[%emt 0:00:30]} 24. f4 {[%emt 0:00:00]} Qg4 {[%emt 0:00:00]} 25. Qd4 {[%emt 0:07:00]} h5 {[%emt 0:00:00]} 26. f5 {[%emt 0:16:30]} Ne5 {[%emt 0:00:00]} 27. Rf4 {[%emt 0:00:30]} Qg5 {[%emt 0:00:00]} 28. Rcf1 {[%emt 0:01:30]} Nc6 {[%emt 0:00:00]} 29. Qd2 {[%emt 0:00:30]} h4 {[%emt 0:00:00]} 30. Ne2 {[%emt 0:01:30]} Nh5 {[%emt 0:00:00]} 31. R4f3 {[%emt 0:00:30]} Ne5 {[%emt 0:00:00]} 32. Qxd5 {[%emt 0:02:30]} Nxf3+ {[%emt 0:00:00]} 33. Rxf3 {[%emt 0:00:30]} Rbd8 $19 {[%emt 0:00:00]} 34. Qb3 {[%emt 0:00:30]} Rd2 {[%emt 0:00:00]} 35. Rf2 {[%emt 0:02:30]} Rxe3 {[%emt 0:00:00]} 36. Qc4 {[%emt 0:00:30]} Qe7 {[%emt 0:00:00]} 37. f6 {[%emt 0:04:30]} Nxf6 {[%emt 0:00:00]} 38. Nf4 {[%emt 0:00:30]} Rd1+ {[%emt 0:00:00]} 39. Rf1 {[%emt 0:00:30]} Rxf1+ {[%emt 0:00:00]} 0-1

[Event "World Junior U20 Open 2018"]
[Site "Gebze"]
[Date "2018.09.11"]
[Round "7.59"]
[White "Ongut, Tamas Gunes"]
[Black "Tasdogen, Dincer"]
[Result "0-1"]
[WhiteElo "2121"]
[BlackElo "2329"]
[Annotator "TA"]
[PlyCount "88"]
[EventDate "2018.09.05"]
[EventType "swiss"]
[EventCountry "TUR"]
[SourceTitle "playchess.com"]
[Source "ChessBase"]
[SourceQuality "1"]

{[%evp 9,88,50,45,28,55,44,51,48,24,16,42,16,44,13,5,-4,2,0,3,7,6,-7,-4,-11,0,-65,-43,-72,-72,-65,-62,-56,-53,-57,-54,-97,-65,-129,-122,-84,-71,-71,-76,-79,-63,-115,-122,-122,-118,-120,-120,-222,-228,-271,-273,-353,-343,-323,-337,-327,-316,-334,-320,-289,-247,-337,-337,-361,-277,-270,-266,-270,-270,-270,-260,-326,-344,-619,-612,-561,-485]} 1. e4 g6 2. d4 Bg7 3. Nc3 d5 4. exd5 Nf6 5. Bc4 Nbd7 {LiveBook: 145 Games} 6. Nge2 {[%cal Bg1e2,Be2f4,Bf4d3,Bd3e5][%mdl 32] B06: Modern Defence} (6. Nf3 Nb6 7. Bb3 O-O 8. O-O a5 9. a3 a4 10. Ba2 Nbxd5 11. Nxd5 Nxd5 12. Bg5 Bf6 13. Qd2 c6 14. Rfe1 {½-½ (38) Swiercz,D (2649)-Djukic,N (2526) Minsk 2017}) 6... Nb6 $1 {[%cal Rb6c4]} 7. Bb3 Nbxd5 8. Nxd5 {White is slightly better.} Nxd5 9. O-O O-O 10. c3 b6 11. Nf4 (11. c4 $5 {[%cal Rc4d5]} Nf6 12. Re1 $14) 11... Bb7 12. Re1 $146 ({Predecessor:} 12. Nxd5 Bxd5 {½-½ (55) Hamman,S (1700)-Peyre,C (1600) Reims 2004}) 12... e6 13. Nd3 Qd6 14. Ne5 Rad8 15. Qe2 c5 16. dxc5 Qxc5 17. Bxd5 (17. a4 $11) 17... Qxd5 {[%csl Gb7][%cal Rd5g2] [#]} (17... Rxd5 {with more complications.} 18. Bf4 Rfd8 19. Rac1 Qe7 20. Rcd1 f6) 18. f3 Qc5+ 19. Qf2 Qxf2+ 20. Kxf2 Rd5 21. Nc4 Rfd8 22. Bf4 g5 23. Be3 (23. Bc1 $1 $15) 23... Ba6 $36 {[%mdl 2048] Black is on the roll.} 24. Na3 h5 {[%cal Bh7h5,Bh5g4][%mdl 32]} 25. Kg1 g4 26. Nc2 Bb7 27. fxg4 ({White should try} 27. f4 $15) 27... hxg4 28. Nd4 Kh7 29. Rf1 Kg6 ({Much less strong is} 29... Bxd4 30. Bxd4 f5 31. Rae1 $11) 30. Ne2 {[#]} (30. Rae1 $17 {is the only way for White.}) 30... e5 $1 $19 31. Rfe1 f5 32. g3 Bf8 33. Nc1 Bc5 {aiming for ...Rd1.} ({Don't do} 33... Rd1 34. Nb3 $19) 34. Nb3 {With the idea Bxc5.} Bxe3+ 35. Rxe3 a5 36. a4 Bc6 37. Kf2 Kf6 38. c4 Rd1 39. Rxd1 Rxd1 {KRB-KRN} 40. c5 bxc5 ({Not} 40... Bxa4 41. cxb6 Rh1 42. b7 $14) 41. Nxa5 Bxa4 42. Nc4 Bb5 43. b3 $2 (43. Rc3) 43... Bxc4 44. bxc4 Rc1 {Precision: White = 32%, Black = 74%.} 0-1

[Event "World Junior U20 Open 2018"]
[Site "Gebze"]
[Date "2018.09.11"]
[Round "7.60"]
[White "Shailesh, Dravid"]
[Black "Kwon, Sehyun"]
[Result "1-0"]
[WhiteElo "2325"]
[BlackElo "2129"]
[Annotator "NA"]
[PlyCount "81"]
[EventDate "2018.09.05"]
[EventType "swiss"]
[EventCountry "TUR"]
[SourceTitle "playchess.com"]
[Source "ChessBase"]
[SourceQuality "1"]
[TimeControl "40/5400+30:1800+30"]

1. e4 {[%emt 0:00:30]} c5 {[%emt 0:00:30]} 2. Nf3 {[%emt 0:00:30]} g6 {[%emt 0:00:30]} 3. h4 {[%emt 0:01:30]} Bg7 {[%emt 0:09:30] B27: Sicilian: 2 Nf3, unusual Black 2nd moves} 4. h5 {[%emt 0:00:30]} Nc6 {[%emt 0:01:30]} 5. Bc4 {[%emt 0:01:30]} e6 {[%emt 0:03:30]} 6. Nc3 {[%emt 0:00:00]} Nge7 {[%emt 0:17:30]} 7. h6 {[%emt 0:02:00]} (7. d3 d5 8. Bb5 d4 9. Bxc6+ Nxc6 10. Ne2 e5 {½-½ (64) Vachier Lagrave,M (2819)-Nakamura,H (2791) chess.com INT 2016}) 7... Bf6 {[%emt 0:02:30]} 8. Qe2 {[%emt 0:02:30]} d6 $146 {[%emt 0:07:30]} ({Predecessor:} 8... O-O 9. e5 Bh8 10. d3 a6 11. Bf4 Nf5 12. Ne4 Nxe5 13. Bxe5 Bxe5 14. Nxe5 {1-0 (40) Bravo Lutz,S-Prosch,S Neumuenster 1999}) 9. d3 {[%emt 0:01:30]} O-O {[%emt 0:02:30]} 10. Bf4 {[%emt 0:03:30]} Bh8 {[%emt 0:16:30]} 11. O-O {[%emt 0:05:30]} a6 {[%emt 0:01:30]} 12. a4 {[%emt 0:00:30]} Qc7 {[%emt 0:01:30]} 13. Rae1 {[%emt 0:06:30]} Bd7 {[%emt 0:08:30]} 14. Bg5 {[%emt 0:03:30]} Rfe8 {[%emt 0:00:30]} 15. Nh2 {[%emt 0:05:30]} Nd4 {[%emt 0:02:30]} 16. Qd2 {[%emt 0:00:30]} b5 {[%emt 0:02:43]} 17. Ba2 {[%emt 0:00:30]} Kf8 {[%emt 0:04:06]} 18. Ng4 {[%emt 0:01:30]} Ng8 {[%emt 0:00:11]} 19. Ne2 {[%emt 0:03:30]} (19. e5 $5 {[%cal Re5d6]}) 19... e5 {[%emt 0:03:20]} (19... f6 $11) 20. Ne3 {[%emt 0:00:30]} Ne6 {[%emt 0:06:11]} 21. Nd5 {[%emt 0:01:30]} Qc6 {[%emt 0:01:20]} 22. Bh4 {[%emt 0:00:00]} c4 {[%emt 0:02:25]} 23. dxc4 {[%emt 0:06:00]} bxc4 {[%emt 0:00:42]} 24. Ne3 {[%emt 0:00:30]} Bf6 {[%emt 0:01:54]} 25. Bg3 {[%emt 0:01:30]} Nxh6 {[%emt 0:00:34]} 26. Nxc4 {[%emt 0:00:30]} Kg7 {[%emt 0:01:40]} 27. f4 {[%emt 0:00:30]} Ng4 {[%emt 0:01:09]} 28. Nxd6 {[%emt 0:01:30]} Qc5+ {[%emt 0:01:12]} 29. Kh1 {[%emt 0:00:00]} Rf8 {[%emt 0:00:02]} 30. f5 {[%emt 0:03:00]} Bg5 {[%emt 0:00:28]} 31. Qd3 {[%emt 0:00:30]} Nd4 {[%emt 0:00:31]} 32. Bxe5+ {[%emt 0:03:30]} Qxe5 {[%emt 0:01:02]} 33. Qxd4 {[%emt 0:00:00]} Bxa4 {[%emt 0:00:00]} 34. fxg6 {[%emt 0:02:00]} Qxd4 {[%emt 0:00:29]} 35. Nxd4 {[%emt 0:00:30]} hxg6 {[%emt 0:00:26]} 36. Nxf7 {[%emt 0:00:30]} Rh8+ {[%emt 0:00:33]} 37. Nxh8 {[%emt 0:00:30]} Rxh8+ {[%emt 0:00:10]} 38. Kg1 {[%emt 0:00:30]} Bh4 {[%emt 0:00:46]} 39. Ne6+ {[%emt 0:01:30]} Kh6 {[%emt 0:00:10]} 40. Rf3 {[%emt 0:00:00]} g5 $18 {[%emt 0:00:00]} 41. g3 {[%emt 0:00:00]} 1-0

[Event "World Junior U20 Open 2018"]
[Site "Gebze"]
[Date "2018.09.11"]
[Round "7.61"]
[White "Gunduz, Umut Erdem"]
[Black "Dobrovoljc, Vid"]
[Result "1-0"]
[WhiteElo "2119"]
[BlackElo "2316"]
[Annotator "TA"]
[PlyCount "85"]
[EventDate "2018.09.05"]
[EventType "swiss"]
[EventCountry "TUR"]
[SourceTitle "playchess.com"]
[Source "ChessBase"]
[SourceQuality "1"]

{[%evp 22,85,39,33,65,14,14,0,52,24,72,78,92,78,93,87,86,145,132,79,92,-69,-62,-77,-80,-75,-79,-225,-232,-233,-74,-66,-46,-67,-57,-47,-6,-83,-85,-97,0,0,0,-20,322,323,317,317,343,335,496,336,500,307,781,752,768,769,765,760,761,625,611,588,29997,29998]} 1. e4 e5 2. Nf3 Nc6 3. Bb5 a6 4. Ba4 Nf6 5. O-O b5 6. Bb3 Bb7 7. Re1 Bc5 8. c3 d6 9. d3 h6 10. Nbd2 {[%cal Bb1d2,Bd2f1,Bf1g3,Bg3f5][%mdl 32] C78: Spanische Partie (Archangelsk- und Möller-Variante)} O-O 11. Nf1 Re8 12. Ng3 {LiveBook: 3 Partien. Weiß steht etwas besser.} Qd7 {[#]} (12... Bb6 13. a3 Qd7 {1-0 (28) Palac,M (2591)-Rade,M (2428) Sibenik 2012}) 13. Nh4 $146 (13. Bxh6 $1 $14 {[%mdl 512]} gxh6 14. Nf5) ({Vorgänger:} 13. h3 d5 14. Qe2 Na5 15. Bc2 dxe4 16. dxe4 Nc4 17. Nh4 Bf8 {½-½ (25) Guliev,L (2367)-Rzayev,B (2424) Corum 2016}) 13... Qg4 $1 $11 {[%cal Rg4h4]} 14. Nf3 Rad8 (14... Qd7 $11) 15. Nf5 {Droht stark Lxh6!} Bc8 16. h3 $1 {[%cal Rh3g4]} Qh5 17. Ng3 $1 {[%cal Rg3h5]} Qg6 18. d4 $1 {Droht Sh4 und aus.} exd4 19. cxd4 Bb4 20. Re2 ({Günstiger ist} 20. Nh4 Qh7 21. Bd2) 20... Nxe4 $16 21. Bd5 $2 (21. Rxe4 $16 Rxe4 22. Bd5) 21... Nxg3 $15 22. Rxe8+ $1 Rxe8 23. Bxc6 Ne2+ 24. Kf1 (24. Kh1 $17 Re6 25. a4 bxa4 26. Qxa4) 24... Re7 $19 25. Be3 {[#]} Ng3+ $1 {[%mdl 512]} 26. Kg1 $17 {und nun wäre Db3 stark für Weiss.} (26. fxg3 Rxe3) 26... Nf5 27. Bd2 $1 {[%cal Rd2b4]} Bxd2 28. Qxd2 Qe6 29. d5 (29. a4 $11 {bleibt in der Remisbreite.}) 29... Qe2 30. Qc3 {[#]} Re4 ({Besser ist} 30... Qe4 $1 $17) 31. Re1 $11 Qc4 {...Dxc3 ist eine echte Drohung.} 32. Qd2 {Und weiter mit b3 wäre nett.} Ne7 $2 {[%mdl 8192]} (32... Rxe1+ $11 {und Schwarz ist OK.} 33. Qxe1 {[#]} Be6 $1 {[%mdl 512]}) 33. b3 $18 Rxe1+ 34. Qxe1 Qc5 35. Qxe7 Bf5 (35... Qc1+ $142 36. Ne1 Bf5) 36. Qe3 Qa3 (36... Kh7 $142 37. Nd4 Bg6) 37. Nd4 Bb1 $2 (37... Bg6 38. Qd2 Bb1) 38. Qe8+ Kh7 39. Qxf7 Bg6 40. Qf4 Qxa2 41. Ne6 Qb1+ 42. Kh2 {Weiss will mit Dd4 Matt setzen.} Qxb3 43. Qd4 {Precision: Weiß = 48%, Schwarz = 23%.} 1-0

[Event "World Junior U20 Open 2018"]
[Site "Gebze"]
[Date "2018.09.11"]
[Round "7.62"]
[White "Nastase, Robert-Paul"]
[Black "Aydincelebi, Kagan"]
[Result "1-0"]
[WhiteElo "2313"]
[BlackElo "2060"]
[Annotator "TA"]
[PlyCount "107"]
[EventDate "2018.09.05"]
[EventType "swiss"]
[EventCountry "TUR"]
[SourceTitle "playchess.com"]
[Source "ChessBase"]
[SourceQuality "1"]

{[%evp 18,107,52,57,65,73,76,74,75,64,63,62,60,69,95,101,97,90,87,100,93,77,93,90,94,92,94,93,117,122,124,110,114,116,118,111,127,125,142,127,119,110,108,101,109,108,101,97,98,71,135,149,137,133,221,85,177,183,195,179,231,231,254,257,266,247,262,258,570,550,838,816,817,806,703,404,395,392,411,397,393,388,387,379,547,537,762,738,695,664,949,945]} 1. e4 c5 2. Nf3 g6 3. d4 cxd4 4. Nxd4 Bg7 5. Nc3 Nc6 6. Be3 Nf6 7. Nxc6 bxc6 8. e5 {[%cal Be4e5,Be5e6][%mdl 32]} Ng8 9. Bd4 Nh6 10. e6 $1 O-O {B34: Sicilian: Accelerated Dragon with 5 Nc3: sidelines} 11. Bxg7 Kxg7 12. Qd4+ f6 {White is better.} 13. exd7 $1 Qxd7 14. O-O-O (14. Qxd7 Bxd7 15. O-O-O Rfd8 16. Be2 Bg4 17. f3 Be6 18. Ne4 {0-1 (44) Njili,K (2413)-Guseinov,G (2623) Sharjah 2016}) 14... Qxd4 15. Rxd4 Ng4 $146 ({Predecessor:} 15... Nf5 16. Rd2 Be6 17. Ba6 Rad8 18. Rhd1 Rxd2 19. Rxd2 {½-½ (52) Triapkin,P (2299)-Yakimkin,I (2209) Uljanovsk 2015}) 16. Be2 Ne5 (16... Nxf2 $2 17. Rf1 $18) 17. Na4 h5 18. h3 Rh8 19. Rhd1 g5 20. Rd8 Be6 21. Rxa8 $1 Rxa8 22. Bxh5 Rh8 23. Be2 $1 g4 24. hxg4 Rh2 25. Rg1 Bxg4 26. Kd2 Bf5 27. b3 Ng6 28. c4 Be4 29. f3 Bf5 30. Ke3 e5 31. Nc5 Nf4 32. Bf1 $1 Kf7 33. g3 Nh3 (33... Ne6 $142 34. Nxe6 Kxe6) 34. Bxh3 $16 Bxh3 {[%mdl 4096] Endgame KRB-KRN} 35. a4 Rc2 (35... Bc8 $16 {might work better.} 36. f4 exf4+ 37. Kxf4 (37. gxf4 Rh8 $16) 37... a5) 36. Ne4 (36. Rh1 $18 {and White stays clearly on top.} Bf5 37. g4 Rc3+ 38. Kf2) 36... Rb2 (36... Bf5 $16) 37. g4 $1 $18 Rxb3+ 38. Kf2 Ke7 {[#]} (38... Kg6 $142 39. Kg3 f5) 39. Kg3 $1 f5 40. Nc5 Rc3 {Threatens to win with ...Bxg4.} 41. Kxh3 Rxf3+ {[#] KRN-KR} 42. Rg3 $1 {[%cal Rg3f3]} Rf4 $2 (42... fxg4+ {is more resistant.} 43. Kh4 (43. Kxg4 Rf4+ 44. Kh5 Rxc4 $16) 43... Rf1 44. Rxg4 Kf6 45. Ne4+ Ke6) 43. g5 {[%cal Bg4g5,Bg5g6][%mdl 32]} Rd4 44. g6 Rd8 45. g7 Rg8 46. Rg6 Kf7 47. Rxc6 {Strongly threatening Rc7+.} Kxg7 48. Re6 e4 49. Kg3 Rc8 50. Re5 e3 (50... Kf6 {keeps fighting.} 51. Kf4 e3 52. Nd7+ (52. Rxf5+ Kg6 $18) (52. Rxe3 Rxc5 53. Rc3 Ke6 $11) 52... Kf7 53. Kxe3 (53. Rxf5+ Ke7 $18) 53... Rxc4) 51. Kf3 {White is clearly winning.} f4 52. Ne6+ Kf6 53. Re4 Re8 54. Nxf4 {Precision: White = 83%, Black = 42%.} 1-0

[Event "World Junior U20 Open 2018"]
[Site "Gebze"]
[Date "2018.09.11"]
[Round "7.63"]
[White "Zlatin, Alexander"]
[Black "Liyanage, Ranindu Dilshan"]
[Result "1/2-1/2"]
[WhiteElo "2312"]
[BlackElo "1989"]
[Annotator "NA"]
[PlyCount "44"]
[EventDate "2018.09.05"]
[EventType "swiss"]
[EventCountry "TUR"]
[SourceTitle "playchess.com"]
[Source "ChessBase"]
[SourceQuality "1"]
[TimeControl "40/5400+30:1800+30"]

1. e4 {[%emt 0:00:30]} c5 {[%emt 0:00:30]} 2. d4 {[%emt 0:00:00]} cxd4 {[%emt 0:00:00]} 3. c3 {[%emt 0:00:00]} dxc3 {[%emt 0:02:00]} 4. Nxc3 {[%emt 0:00:00]} Nc6 {[%emt 0:00:00]} 5. Bc4 {[%emt 0:00:00]} d6 {[%emt 0:00:00]} 6. Nf3 {[%emt 0:00:30]} a6 {[%emt 0:00:00]} 7. O-O {[%emt 0:01:30]} Nf6 {[%emt 0:00:00]} 8. h3 {[%emt 0:01:30]} e6 {[%emt 0:00:30]} 9. Qe2 {[%emt 0:02:30]} Be7 {[%emt 0:05:30]} 10. Rd1 {[%emt 0:00:30]} b5 {[%emt 0:09:30]} 11. Bb3 {[%emt 0:02:30]} Bd7 {[%emt 0:00:30]} 12. Bf4 $1 {[%emt 0:10:30]} b4 {[%emt 0:12:30]} 13. Na4 {[%emt 0:03:30]} Qb8 {[%emt 0:10:30]} 14. e5 {[%emt 0:12:30]} dxe5 {[%emt 0:04:30]} 15. Nxe5 $11 {[%emt 0:00:00]} Nxe5 {[%emt 0:10:30]} 16. Bxe5 {[%emt 0:04:00]} Qb5 {[%emt 0:05:30]} 17. Qe3 {[%emt 0:00:30]} O-O {[%emt 0:05:30]} 18. Bxf6 {[%emt 0:14:30]} Bxf6 {[%emt 0:03:30]} 19. Nb6 {[%emt 0:01:30]} Bg5 {[%emt 0:01:30]} 20. Qd4 {[%emt 0:00:00]} Bf6 {[%emt 0:01:30]} 21. Qe3 {[%emt 0:00:00]} Bg5 {[%emt 0:00:30]} 22. Qd4 {[%emt 0:01:30]} Bf6 {[%emt 0:00:00]} 1/2-1/2

[Event "World Junior U20 Open 2018"]
[Site "Gebze"]
[Date "2018.09.11"]
[Round "7.64"]
[White "Akdogan, Alperen"]
[Black "Ozsakallioglu, Okan"]
[Result "0-1"]
[WhiteElo "2278"]
[BlackElo "1955"]
[Annotator "NA"]
[PlyCount "56"]
[EventDate "2018.09.05"]
[EventType "swiss"]
[EventCountry "TUR"]
[SourceTitle "playchess.com"]
[Source "ChessBase"]
[SourceQuality "1"]
[TimeControl "40/5400+30:1800+30"]

1. d4 {[%emt 0:00:30]} Nf6 {[%emt 0:00:30]} 2. Nf3 {[%emt 0:00:00]} e6 {[%emt 0:00:00]} 3. c4 {[%emt 0:00:00]} b6 {[%emt 0:00:00]} 4. g3 {[%emt 0:00:30]} Bb7 {[%emt 0:00:30]} 5. Bg2 {[%emt 0:00:30]} Be7 {[%emt 0:00:00]} 6. O-O {[%emt 0:00:00]} O-O {[%emt 0:00:00]} 7. Re1 {[%emt 0:00:00]} Ne4 {[%emt 0:00:00] E17: Queen's Indian: 4 g3 Bb7 5 Bg2 Be7} 8. Nfd2 {[%emt 0:00:30]} d5 {[%emt 0:01:00]} 9. Nxe4 {[%emt 0:00:30]} dxe4 {[%emt 0:00:00]} 10. Nc3 {[%emt 0:03:30]} f5 {[%emt 0:01:00]} 11. Be3 {[%emt 0:03:30]} c5 $146 {[%emt 0:02:30]} ({Predecessor:} 11... Nc6 12. Qd2 Bf6 13. Rad1 Qe7 14. Nb5 Rad8 15. Qc3 {0-1 (26) Bhat,V (2473)-Onischuk,A (2699) Montreal 2009}) 12. dxc5 {[%emt 0:09:30]} bxc5 {[%emt 0:00:30]} 13. Qb3 {[%emt 0:23:30]} Qc8 {[%emt 0:02:30]} 14. Rad1 {[%emt 0:03:30]} Nc6 {[%emt 0:01:30]} 15. Nb5 {[%emt 0:15:30]} e5 {[%emt 0:04:30]} 16. Qa3 {[%emt 0:19:44]} (16. Nd6 $11 Bxd6 17. Rxd6) 16... a6 {[%emt 0:00:30]} 17. Nd6 {[%emt 0:04:44]} Bxd6 {[%emt 0:00:30]} 18. Rxd6 {[%emt 0:00:02]} Nd4 {[%emt 0:00:00]} 19. Qa5 {[%emt 0:08:52]} f4 {[%emt 0:04:00]} 20. Bxd4 {[%emt 0:00:02]} exd4 {[%emt 0:00:00]} 21. b4 $1 {[%emt 0:03:52]} fxg3 {[%emt 0:03:00]} 22. fxg3 {[%emt 0:00:16]} Qf5 {[%emt 0:00:30]} 23. Rf1 {[%emt 0:01:04]} Qg5 {[%emt 0:00:00]} 24. Qxc5 {[%emt 0:01:42]} Qe3+ {[%emt 0:00:00]} 25. Kh1 {[%emt 0:00:05]} Rxf1+ {[%emt 0:00:30]} 26. Bxf1 {[%emt 0:00:05]} Rf8 {[%emt 0:00:00]} 27. Qh5 {[%emt 0:01:01]} Qc1 {[%emt 0:01:00]} 28. Qh3 {[%emt 0:01:01]} Rxf1+ {[%emt 0:00:00]} 0-1